Movies Quiz

Random Movies or Oscar Quiz
Score 0/16 Timer 05:00
0 Plays Today
Last film to... Film % Correct
to win the 'Big Five' The Silence of the Lambs
93.5%
to win Best Actress and Best Supporting ActressShakespeare in Love
91.7%
to win Best Picture and also Best ActressShakespeare in Love
91.7%
to be nominated for 3 Best Supporting ActorsThe Godfather Part II
88%
to have an Italian-speaking role win Best Actor/ActressLife is Beautiful
88%
to win Best Picture with no acting nominationsSlumdog Millionaire
86.1%
to win Best Picture and also Best ActorThe Artist
84.3%
to win Best Picture and also Best Supporting Actress12 Years a Slave
84.3%
Last film to... Film % Correct
to win Best Picture and also Best Supporting ActorNo Country for Old Men
82.4%
to be nominated for 5 acting oscarsNetwork
78.7%
to be nominated for 2 Best ActorsAmadeus
78.7%
to win Best Actress and Best Supporting ActorMillion Dollar Baby
75%
to win Best Actor and Best Supporting ActorDallas Buyers Club
74.1%
to be nominated for 2 Best ActressesThelma & Louise
68.5%
to win Best Actor and Best Supporting ActressMy Left Foot
63.9%
to be nominated for 3 Best Supporting ActressesTom Jones
49.1%
Remove Ads.
Support Sporcle.
Get the best of Sporcle when you Go Orange. This ad-free experience offers more features, more stats, and more fun while also helping to support Sporcle. Thank you for becoming a member.

You're not logged in!

Compare scores with friends on all Sporcle quizzes.
OR
Log In

Show Comments

Extras

Top Quizzes Today


Score Distribution

Your Account Isn't Verified!

In order to create a playlist on Sporcle, you need to verify the email address you used during registration. Go to your Sporcle Settings to finish the process.

Report this User

Report this user for behavior that violates our Community Guidelines.

Details: